000 00434nam a2200145Ia 4500
008 100204s9999 xx 000 0 und d
082 _b162
100 _aराजंकर यशवंत
245 _aचण्डिमठ
260 _b"विश्वमोहिनी प्रकाशन , पुणे"
_c1978
300 _a172
630 _aचण्डिमठ
730 _aचण्डिमठ
942 _cBOOK
999 _c445359
_d445356